| 000 | 00427nam a22001457a 4500 | ||
|---|---|---|---|
| 008 | 210923b |||||||| |||| 00| 0 eng d | ||
| 020 | _a1107548220 | ||
| 050 |
_aTA177.7 _b.J64 2016 c.1 |
||
| 100 | _aJohansson, Per-Olov | ||
| 245 |
_aCost-benefit analysis for project appraisal _cPer-Olov Johansson |
||
| 260 |
_aUK _bCambridge University Press _c2016 |
||
| 300 | _axiii, 235p. | ||
| 700 | _aKristrom, Bengt | ||
| 942 |
_2lcc _cBK |
||
| 999 |
_c19046 _d19046 |
||